Stops of the Seattle Link Light Rail - Statistics

General Stats
  • This quiz has been taken 123 times
    33 since last reset
  • The average score is 27 of 38
Answer Stats
Hint Answer % Correct
Line 2 Bellevue Downtown
100%
Line 2 Downtown Redmond
92%
Line 1 International District/Chinatown
92%
Line 2 Redmond Technology
92%
Line 2 Mercer Island
88%
Line 1 SeaTac/Airport
88%
Line 1 Westlake
88%
Line 1 Angle Lake
84%
Line 1 Capitol Hill
84%
Line 1 University of Washington
84%
Line 1 Northgate
80%
Line 1 Stadium
80%
Line 1 Symphony
80%
Line 1 U District
80%
Line 1 Federal Way Downtown
76%
Line 2 Judkins Park
76%
Line 1 Pioneer Square
76%
Line 1 Roosevelt
76%
Line 1 SODO
76%
Line 1 Lynnwood City Center
72%
Line 1 Othello
72%
Line 1 Tukwila International Blvd
72%
Line 1 Kent-Des Moines
68%
Line 1 Rainier Beach
68%
Line 1 Columbia City
64%
Line 2 South Bellevue
64%
Line 1 Beacon Hill
60%
Line 2 Bel-Red
60%
Line 2 Overlake Village
60%
Line 1 Shoreline North/185th
60%
Line 1 Shoreline South/148th
60%
Line 2 Marymoor Village
56%
Line 1 Mount Baker
56%
Line 1 Mountlake Terrace
56%
Line 2 East Main
48%
Line 2 Spring District
48%
Line 1 Star Lake
48%
Line 2 Wilburton
32%
No matching quizzes found
Score Distribution
Percent of People with Each Score
Percentile by Number Answered
Your Score History
You have not taken this quiz since the last reset